000 00331nam a2200145Ia 4500
005 20251222140107.0
008 251222s1900||||xx |||||||||||||| ||spa||
020 _a9788495269546
082 _a223.6/S29/T.II
100 _aSchökel, Luis Alonso
245 0 _aSalmos
250 _a1ra. ed.
264 _bVerbo Divino
942 _cLIB
999 _c4155
_d4155